Pays avec le plus d'habitants en 2050 - Statistiques

Statistiques générales
  • Ce quiz a été pris 92 fois
  • Le résultat moyen est 7 sur 10
Statistiques - réponses
Hint Réponse % Correct
1,36 Md Chine
100%
1,66 Md Inde
100%
232,69 M Brésil
88%
389,59 M Etats-Unis
73%
410,64 M Nigeria
73%
306,94 M Pakistan
73%
321,55 M Indonésie
68%
201,93 M Bangladesh
64%
197,40 M RD Congo
64%
190,87 M Ethiopie
42%
Aucun quiz correspondant
Distribution des résultats
% des personnes avec chaque résultat
Percentile par nombre de réponses
Votre historique - résultats
Vous n’avez pas pris ce quiz